APPLIED REGRESSION ANALYSIS AND OTHER MULTIVARIABLE METHODS (Record no. 216711)

MARC details
000 -LEADER
fixed length control field 00538nam a22001817a 4500
008 - FIXED-LENGTH DATA ELEMENTS--GENERAL INFORMATION
fixed length control field 260226b |||||||| |||| 00| 0 eng d
020 ## - INTERNATIONAL STANDARD BOOK NUMBER
International Standard Book Number 978-1-285-05108-6
050 ## - LIBRARY OF CONGRESS CALL NUMBER
Classification number QA 278 .A67 2014
Item number 1
100 ## - MAIN ENTRY--PERSONAL NAME
Personal name KLEINBAUM, DAVID G.
245 ## - TITLE STATEMENT
Title APPLIED REGRESSION ANALYSIS AND OTHER MULTIVARIABLE METHODS
250 ## - EDITION STATEMENT
Edition statement 5TH EDITION
260 ## - PUBLICATION, DISTRIBUTION, ETC.
Place of publication, distribution, etc. AUSTRALIA.
Name of publisher, distributor, etc. ASHFORD COLOUR LIMITED .
Date of publication, distribution, etc. 2014.
300 ## - PHYSICAL DESCRIPTION
Extent XIX,1051;ILL
500 ## - GENERAL NOTE
General note INCLUDES APPENDIX INDEX
650 ## - SUBJECT ADDED ENTRY
Topical term or geographic name entry element REGRESSION ANALYSIS
942 ## - ADDED ENTRY ELEMENTS (KOHA)
Source of classification or shelving scheme Library of Congress Classification
Koha item type Long Loan Book

No items available.